|
|
|
|
| LEADER |
00895nam a2200241 a 4500 |
| 001 |
GR-MES6512 |
| 008 |
000211s1996 xk g 000 0 eng d |
| 020 |
|
|
|a 0500202109
|
| 040 |
|
|
|a GrPaTEI
|b gre
|c GR-PaULI
|
| 040 |
|
|
|a GrPaTEI
|b gre
|c GR-PaULI
|
| 044 |
|
|
|a gb
|
| 082 |
|
0 |
|a 781.6801
|2 22 ed
|
| 100 |
1 |
|
|a Rushton, Julian
|
| 245 |
1 |
0 |
|a Classical music :
|b a concise history from to Beethoven /
|c Julian Rushton.
|
| 260 |
|
|
|a Great Britain :
|b Thames and Hudson,
|c 1996
|
| 300 |
|
|
|a 189 σ. :
|b εικ.
|
| 504 |
|
|
|a Bibliography: p.186
|
| 650 |
|
0 |
|a Music
|x History and criticism
|
| 710 |
0 |
|
|a Thames and Hudson
|
| 942 |
|
|
|2 ddc
|
| 952 |
|
|
|0 0
|1 0
|2 ddc
|4 0
|6 781_680100000000000_RUS
|7 0
|9 276888
|a MSLG
|b MSLG
|c BSC
|d 2021-01-17
|e 24
|f 0
|g 0.00
|l 0
|o 781.6801 RUS
|p 2420000012561
|r 2021-01-17 00:00:00
|t 1
|w 2021-01-17
|y BK15
|x 20000211 0 K.G. 1
|x GrPaTEI
|
| 971 |
|
|
|a .b25849815
|b 01-10-20
|c 14-09-16
|
| 999 |
|
|
|c 160758
|d 160758
|